[Letter regarding Annual Dinner to take place on 21 November 1900] (Record no. 116774)

MARC details
000 -LEADER
fixed length control field 00551cam a22001935a 4500
001 - CONTROL NUMBER
control field L141784
008 - FIXED-LENGTH DATA ELEMENTS--GENERAL INFORMATION
fixed length control field 071220s1900 xxk eng u
035 ## - SYSTEM CONTROL NUMBER
System control number (Sirsi) u141784
041 0# - LANGUAGE CODE
Language code of text/sound track or separate title eng
110 2# - MAIN ENTRY--CORPORATE NAME
Corporate name or jurisdiction name as entry element Institute of Estate and House Agents
9 (RLIN) 5481
245 01 - TITLE STATEMENT
Title [Letter regarding Annual Dinner to take place on 21 November 1900]
260 ## - PUBLICATION, DISTRIBUTION, ETC.
Place of publication, distribution, etc. London
Name of publisher, distributor, etc. The Institute
Date of publication, distribution, etc. 1900
300 ## - PHYSICAL DESCRIPTION
Extent [4] p.
Dimensions 24 cm.
340 ## - PHYSICAL MEDIUM
Material base and configuration Printed
351 ## - ORGANIZATION AND ARRANGEMENT OF MATERIALS
Hierarchical level Single item
651 4# - SUBJECT ADDED ENTRY--GEOGRAPHIC NAME
Geographic name United Kingdom
Chronological subdivision
690 ## - LOCAL SUBJECT ADDED ENTRY--TOPICAL TERM (OCLC, RLIN)
Topical term or geographic name as entry element ABOUT RICS-RELATED ORGANISATIONS
942 ## - ADDED ENTRY ELEMENTS (KOHA)
Suppress in OPAC 0
Holdings
Withdrawn status Lost status Source of classification or shelving scheme Damaged status Not for loan Home library Current library Shelving location Date acquired Total Checkouts Full call number Barcode Date last seen Copy number Price effective from Koha item type
    Dewey Decimal Classification     Historic collection Historic collection RICS Boxes 20/12/2007   RICS 1900/2 141784-2001 06/08/2019 1 06/08/2019 Archive